000 01668nam a2200181Ia 4500
005 20260302160848.0
008 260302s9999 xx 000 0 und d
020 _a9780521389365
082 _a338.9
_bMOW
100 _aMowery, David C.
245 0 _aTechnology and the Pursuit of Economic Growth /
_cMowery, David C.; Rosenberg, Nathan
260 _bCambridge University Press,
_c1991
300 _a344 pages
520 _aTechnology's contribution to economic growth and competitiveness has been the subject of vigorous debate in recent years. This book demonstrates the importance of a historical perspective in understanding the role of technological innovation in the economy. The authors examine key episodes and institutions in the development of the U.S. research system and in the development of the research systems of other industrial economies. They argue that the large potential contributions of economics to the understanding of technology and economic growth have been constrained by the narrow theoretical framework employed within neoclassical economies. A richer framework, they believe, will support a more fruitful dialogue among economists, policymakers, and managers on the organization of public and private institutions for innovation. David Mowery is Associate Professor of Business and Public Policy at the School of Business Administration, University of California, Berkeley. Nathan S. Rosenberg is Fairleigh Dickinson Professor of Economics at Stanford University. He is the author of Inside the Black Box: Technology and Economics (CUP, 1983).
650 _aBusiness & Economics
700 _aRosenberg, Nathan
942 _cENGLISH
999 _c616658
_d616658